00207nam a2200073Ia 4500008004100000082001300041100001300054245006600067240331s9999 xx 000 0 und d a291bLIB aLogo. ed 0aLibraticve Trends in Hinduism Buddhism Christianity and Islam